Przyjaciele z boiska - Cristiano Ronaldo || piłka nożna - Statystyki

Ogólne statystyki
  • Ten quiz został rozwiązany 147 razy
  • Średni wynik to 6 z 10
Statystyki odpowiedzi
Hint Odpowiedź % Poprawnych
1 Pepe
91%
7 Luka Modric
80%
4 Marcelo
79%
2 Karim Benzema
78%
3 Sergio Ramos
71%
5 Raphael Varane
55%
6 Iker Casillas
45%
8 Rio Ferdinand
30%
10 Xabi Alonso
20%
9 John O'shea
12%
Nie znaleziono quizów pasujących do podanych kryteriów
Rozkład punktacji
Procent ludzi z każdym wynikiem
Percentyl według liczby udzielonych odpowiedzi
Twoja historia wyników
Nie rozwiązałeś tego quizu